000 00580nam a2200241Ia 4500
003 OSt
005 20221007082357.0
006 a|||||r|||| 00| 0
007 ta
008 221006b |||||||| |||| 00| 0 eng d
024 _a24,487
037 _cTextual
040 _aFLL
_cFLL
_beng
041 _2eng
_aeng
082 _aZ2,5pN61, K1
110 _aGovt. of India
245 0 _aCriminal judicial administration
260 _c1961
300 _a1-111p
_ccm.
700 _aGovt. of India
942 _hZ2,5pN61, K1
_cTEXL
_2CC
999 _c1166225
_d1166225